<?xml version="1.0" encoding="UTF-8"?>
<record
    xmlns:xsi="http://www.w3.org/2001/XMLSchema-instance"
    xsi:schemaLocation="http://www.loc.gov/MARC21/slim http://www.loc.gov/standards/marcxml/schema/MARC21slim.xsd"
    xmlns="http://www.loc.gov/MARC21/slim">

  <leader>00324nam a22001457a 4500</leader>
  <datafield tag="020" ind1=" " ind2=" ">
    <subfield code="a">81-8204-023-X</subfield>
  </datafield>
  <datafield tag="082" ind1=" " ind2=" ">
    <subfield code="a">648</subfield>
    <subfield code="b">AGG</subfield>
  </datafield>
  <datafield tag="100" ind1=" " ind2=" ">
    <subfield code="a">AGGARWAL,D.K</subfield>
  </datafield>
  <datafield tag="245" ind1=" " ind2=" ">
    <subfield code="a">HOUSEKEEPING MANAGEMENT</subfield>
  </datafield>
  <datafield tag="260" ind1=" " ind2=" ">
    <subfield code="a">DELHI</subfield>
    <subfield code="b">AMAN</subfield>
    <subfield code="c">2006</subfield>
  </datafield>
  <datafield tag="300" ind1=" " ind2=" ">
    <subfield code="a">264</subfield>
  </datafield>
  <datafield tag="650" ind1=" " ind2=" ">
    <subfield code="a">HOUSEKEEPING MANAGEMENT</subfield>
  </datafield>
  <datafield tag="653" ind1=" " ind2=" ">
    <subfield code="a">HOUSEKEEPING</subfield>
  </datafield>
  <datafield tag="942" ind1=" " ind2=" ">
    <subfield code="2">ddc</subfield>
    <subfield code="c">BK</subfield>
  </datafield>
  <datafield tag="952" ind1=" " ind2=" ">
    <subfield code="0">0</subfield>
    <subfield code="1">0</subfield>
    <subfield code="2">ddc</subfield>
    <subfield code="4">0</subfield>
    <subfield code="7">0</subfield>
    <subfield code="8">HM</subfield>
    <subfield code="a">SSSL</subfield>
    <subfield code="b">SSSL</subfield>
    <subfield code="c">TXT</subfield>
    <subfield code="d">2015-10-09</subfield>
    <subfield code="e">JINDAL BOOK SERVICE</subfield>
    <subfield code="g">600.00</subfield>
    <subfield code="i">SGTU</subfield>
    <subfield code="l">0</subfield>
    <subfield code="o">648 AGG</subfield>
    <subfield code="p">HM361</subfield>
    <subfield code="r">2015-10-09 00:00:00</subfield>
    <subfield code="w">2015-09-07</subfield>
    <subfield code="y">BK</subfield>
    <subfield code="k">1775</subfield>
  </datafield>
  <datafield tag="952" ind1=" " ind2=" ">
    <subfield code="0">0</subfield>
    <subfield code="1">0</subfield>
    <subfield code="2">ddc</subfield>
    <subfield code="4">0</subfield>
    <subfield code="7">0</subfield>
    <subfield code="8">HM</subfield>
    <subfield code="a">SSSL</subfield>
    <subfield code="b">SSSL</subfield>
    <subfield code="c">TXT</subfield>
    <subfield code="d">2015-10-09</subfield>
    <subfield code="e">JINDAL BOOK SERVICE</subfield>
    <subfield code="g">600.00</subfield>
    <subfield code="i">SGTU</subfield>
    <subfield code="l">1</subfield>
    <subfield code="o">648 AGG</subfield>
    <subfield code="p">HM362</subfield>
    <subfield code="r">2018-12-07 00:00:00</subfield>
    <subfield code="s">2018-11-29</subfield>
    <subfield code="w">2015-09-07</subfield>
    <subfield code="y">BK</subfield>
    <subfield code="k">1775</subfield>
  </datafield>
  <datafield tag="952" ind1=" " ind2=" ">
    <subfield code="0">0</subfield>
    <subfield code="1">0</subfield>
    <subfield code="2">ddc</subfield>
    <subfield code="4">0</subfield>
    <subfield code="7">0</subfield>
    <subfield code="8">HM</subfield>
    <subfield code="a">SSSL</subfield>
    <subfield code="b">SSSL</subfield>
    <subfield code="c">TXT</subfield>
    <subfield code="d">2015-10-09</subfield>
    <subfield code="e">JINDAL BOOK SERVICE</subfield>
    <subfield code="g">600.00</subfield>
    <subfield code="i">SGTU</subfield>
    <subfield code="l">1</subfield>
    <subfield code="o">648 AGG</subfield>
    <subfield code="p">HM363</subfield>
    <subfield code="r">2017-10-11 00:00:00</subfield>
    <subfield code="s">2017-10-03</subfield>
    <subfield code="w">2015-09-07</subfield>
    <subfield code="y">BK</subfield>
    <subfield code="k">1775</subfield>
  </datafield>
  <datafield tag="952" ind1=" " ind2=" ">
    <subfield code="0">0</subfield>
    <subfield code="1">0</subfield>
    <subfield code="2">ddc</subfield>
    <subfield code="4">0</subfield>
    <subfield code="7">0</subfield>
    <subfield code="8">HM</subfield>
    <subfield code="a">SSSL</subfield>
    <subfield code="b">SSSL</subfield>
    <subfield code="c">TXT</subfield>
    <subfield code="d">2015-10-09</subfield>
    <subfield code="e">JINDAL BOOK SERVICE</subfield>
    <subfield code="g">600.00</subfield>
    <subfield code="i">SGTU</subfield>
    <subfield code="l">0</subfield>
    <subfield code="o">648 AGG</subfield>
    <subfield code="p">HM364</subfield>
    <subfield code="r">2015-10-09 00:00:00</subfield>
    <subfield code="w">2015-09-07</subfield>
    <subfield code="y">BK</subfield>
    <subfield code="k">1775</subfield>
  </datafield>
  <datafield tag="952" ind1=" " ind2=" ">
    <subfield code="0">0</subfield>
    <subfield code="1">0</subfield>
    <subfield code="2">ddc</subfield>
    <subfield code="4">0</subfield>
    <subfield code="7">0</subfield>
    <subfield code="8">HM</subfield>
    <subfield code="a">SSSL</subfield>
    <subfield code="b">SSSL</subfield>
    <subfield code="c">TXT</subfield>
    <subfield code="d">2015-10-09</subfield>
    <subfield code="e">JINDAL BOOK SERVICE</subfield>
    <subfield code="g">600.00</subfield>
    <subfield code="i">SGTU</subfield>
    <subfield code="l">0</subfield>
    <subfield code="o">648 AGG</subfield>
    <subfield code="p">HM365</subfield>
    <subfield code="r">2015-10-09 00:00:00</subfield>
    <subfield code="w">2015-09-07</subfield>
    <subfield code="y">BK</subfield>
    <subfield code="k">1775</subfield>
  </datafield>
  <datafield tag="999" ind1=" " ind2=" ">
    <subfield code="c">8039</subfield>
    <subfield code="d">8039</subfield>
  </datafield>
</record>
